000 01635dam0a2200385 4500
001 RU\NLR\bibl\372001
005 20241213111319.0
021 _aRU
_b2003-1697
_975
035 _a(NLR Aleph) 000366516
090 _a368682
_c368682
100 _a20030219d2002 k u0rusy50 ca
101 0 _arus
102 _aRU
105 _aa |||||||||
200 1 _aМедико-социальные и клинико-социальные проблемы общественного здоровья и здравоохранения
_e[Сб. ст.
_fПод ред. д.м.н., проф. И.Н. Полунина, д.м.н., проф. А.Г. Сердюкова]
210 _aАстрахань
_cИзд-во АГМА
_d2002
215 _a478 с.
_cил.
_d20
225 1 _aТруды Астраханской государственной медицинской академии
_vТ. 25(49)
320 _aБиблиогр. в конце ст.
600 1 _aЯковлев
_bЮ.Г.
_f1927 - 1992
_gЮрий Григорьевич
_92295811
_3RU\NLR\auth\661374730
606 0 _aСоциальная гигиена
_jСборники
_9918834
_3RU\NLR\auth\6617460
610 0 _aЗдравоохранение
675 _a614.2(082)
_v3
_zrus
686 _a76.75
_2rugasnti
686 _a51.1
_2rubbk
686 _aР11(2)я43
686 _aР.г(2)7дЯковлев
702 1 _aПолунин
_bИ. Н.
_gИван Николаевич
_4340
801 0 _aRU
_bRKP
_c20030219
_gPSBO
801 1 _aRU
_bRKP
_c20030219
801 2 _aRU
_bNLR
_c20030723
_grcr
852 _aNLR
_jП16/339
942 _cBOOK